Summary of the Seventh international police executive symposium, `Traffic policing': an international perspective, evanston, Illinois, U.S.A., 9-12 July 2000 (Record no. 47880)

000 -LEADER
fixed length control field 00491pab a2200157 454500
008 - FIXED-LENGTH DATA ELEMENTS--GENERAL INFORMATION
fixed length control field 180718b2001 xxu||||| |||| 00| 0 eng d
100 ## - MAIN ENTRY--PERSONAL NAME
Personal name Kratcoski, Peter C.
245 ## - TITLE STATEMENT
Title Summary of the Seventh international police executive symposium, `Traffic policing': an international perspective, evanston, Illinois, U.S.A., 9-12 July 2000
260 ## - PUBLICATION, DISTRIBUTION, ETC.
Date of publication, distribution, etc. 2001
300 ## - PHYSICAL DESCRIPTION
Extent p.3-8
650 ## - SUBJECT ADDED ENTRY--TOPICAL TERM
Topical term or geographic name entry element Traffic police
650 ## - SUBJECT ADDED ENTRY--TOPICAL TERM
Topical term or geographic name entry element Police
650 ## - SUBJECT ADDED ENTRY--TOPICAL TERM
Topical term or geographic name entry element Traffic
773 ## - HOST ITEM ENTRY
Main entry heading Police Journal
909 ## -
-- 47880
Holdings
Withdrawn status Lost status Damaged status Not for loan Permanent Location Current Location Date acquired Serial Enumeration / chronology Barcode Date last seen Price effective from Koha item type
        Indian Institute of Public Administration Indian Institute of Public Administration 2018-07-19 Volume no: 74, Issue no: 1 AR48308 2018-07-19 2018-07-19 Articles

Powered by Koha